000 00330nam a22001577a 4500
003 SGT
020 _a978-0-323-05355-6
082 _a617.51, H10S
100 _aSOM, PETER M.
245 _aHEAD & NECK IMAGING
250 _a5TH
260 _aMISSOURI
_bELSEVIER
_c2014
300 _a1650
650 _aE.N.T
942 _2ddc
_cBK
999 _c8478
_d8478